Catálogo

Vista normal Vista MARC

Entrada Personal Name

Número de registros utilizados en: 1

001 - CONTROL NUMBER

  • control field: 17499

003 - CONTROL NUMBER IDENTIFIER

  • control field: DLC

005 - DATE AND TIME OF LATEST TRANSACTION

  • control field: 20250924083807.0

008 - FIXED-LENGTH DATA ELEMENTS

  • fixed length control field: 800904n| azannaabn |b aaa

010 ## - LIBRARY OF CONGRESS CONTROL NUMBER

  • LC control number: n 50023354

035 ## - SYSTEM CONTROL NUMBER

  • System control number: (OCoLC)oca00058766

040 ## - CATALOGING SOURCE

  • Original cataloging agency: DLC
  • Language of cataloging: spa
  • Description conventions: rda
  • Transcribing agency: Mx-PuUPA
  • Modifying agency: DLC
  • Modifying agency: OCoLC
  • Modifying agency: ICrlF
  • Modifying agency: HU
  • Modifying agency: DLC
  • Modifying agency: OCoLC
  • Modifying agency: Mx-PuUPA

046 ## - SPECIAL CODED DATES

  • Birth date: 18940919
  • Death date: 19420315
  • Source of date scheme: edtf

053 #0 - LC CLASSIFICATION NUMBER

  • Classification number element--single number or beginning number of span: PS3511.I25

100 1# - HEADING--PERSONAL NAME

  • Personal name: Field, Rachel,
  • Dates associated with a name: 1894-1942

370 ## - ASSOCIATED PLACE

  • Place of birth: Nueva York (N.Y.)
  • Place of death: Los Angeles (California)
  • Source of term: naf

372 ## - FIELD OF ACTIVITY

  • Field of activity: Poesía
  • Field of activity: Literatura infantil
  • Source of term: lcsh

372 ## - FIELD OF ACTIVITY

  • Field of activity: Novelas
  • Source of term: lcgft

374 ## - OCCUPATION

  • Occupation: Autor
  • Occupation: Poeta
  • Source of term: lcsh

375 ## - GENDER

  • Gender: hombre

377 ## - ASSOCIATED LANGUAGE

  • Language code: eng

378 ## - FULLER FORM OF PERSONAL NAME

  • Fuller form of personal name: Rachel Lyman

400 1# - SEE FROM TRACING--PERSONAL NAME

  • Control subfield: nna
  • Personal name: Field, Rachel Lyman,
  • Dates associated with a name: 1894-1942

400 1# - SEE FROM TRACING--PERSONAL NAME

  • Personal name: פיעלד, רחל,
  • Dates associated with a name: 1894-1942

400 1# - SEE FROM TRACING--PERSONAL NAME

  • Personal name: Fīld, Rāshil,
  • Dates associated with a name: 1894-1942

400 1# - SEE FROM TRACING--PERSONAL NAME

  • Personal name: فيلد، راشل

500 1# - SEE ALSO FROM TRACING--PERSONAL NAME

  • Personal name: Pederson, Rachel Field,
  • Dates associated with a name: 1894-1942

670 ## - SOURCE DATA FOUND

  • Source citation: Author's Rise up, Jennie Smith ... c1918.

670 ## - SOURCE DATA FOUND

  • Source citation: LCCN 68-849: Aulnoy, Madame d' (M.-C.), The white cat and other old French ... 1967, c1928
  • Information found: (hdg.: Field, Rachel Lyman, 1894-1942; usage: Rachel Field)

670 ## - SOURCE DATA FOUND

  • Source citation: NUCMC data from Stockbridge Library Assn. for Field family. Papers, 1803-1941
  • Information found: (Rachel Field Pederson; 1894-1942; wrote under name Rachel Field)

670 ## - SOURCE DATA FOUND

  • Source citation: Wikipedia, June 13, 2018
  • Information found: (Rachel Lyman Field (1894-1942) was an American novelist, poet, and children's fiction writer ; Born: September 19, 1894 New York City ; Died: March 15, 1942 (aged 47) Los Angeles, California)

670 ## - SOURCE DATA FOUND

  • Source citation: Afsānahʹhā-yi naw, 1960:
  • Information found: t.p. (راشل فيلد = Rāshil Fīld)